<?xml version="1.0" encoding="UTF-8"?>
<record
    xmlns:xsi="http://www.w3.org/2001/XMLSchema-instance"
    xsi:schemaLocation="http://www.loc.gov/MARC21/slim http://www.loc.gov/standards/marcxml/schema/MARC21slim.xsd"
    xmlns="http://www.loc.gov/MARC21/slim">

  <leader>00390nam a2200121Ia 4500</leader>
  <controlfield tag="008">180222s9999||||xx |||||||||||||| ||und||</controlfield>
  <datafield tag="020" ind1=" " ind2=" ">
    <subfield code="c">0</subfield>
    <subfield code="a">978-986-87650-4-7</subfield>
  </datafield>
  <datafield tag="100" ind1=" " ind2=" ">
    <subfield code="a">&#x9673;&#x8087;&#x6587;</subfield>
  </datafield>
  <datafield tag="245" ind1=" " ind2="0">
    <subfield code="c">&#x9673;&#x8087;&#x6587;</subfield>
    <subfield code="a">&#x8DE8;&#x9818;&#x57DF;&#x5718;&#x968A;&#x5408;&#x4F5C;&#x7167;&#x8B77;&#x8A13;&#x7DF4;&#xFF1A;&#x8AB2;&#x7A0B;&#x8A2D;&#x8A08;&#x6559;&#x6848;&#x7BC4;&#x4F8B;</subfield>
  </datafield>
  <datafield tag="250" ind1=" " ind2=" ">
    <subfield code="a">&#x521D;&#x7248;</subfield>
  </datafield>
  <datafield tag="260" ind1=" " ind2=" ">
    <subfield code="b">&#x8CA1;&#x5718;&#x6CD5;&#x4EBA;&#x91AB;&#x9662;&#x8A55;&#x9451;&#x66A8;&#x91AB;&#x7642;&#x54C1;&#x8CEA;&#x7B56;&#x9032;&#x6703;</subfield>
    <subfield code="c">2012.09</subfield>
    <subfield code="a">&#x65B0;&#x5317;&#x5E02;</subfield>
  </datafield>
  <datafield tag="300" ind1=" " ind2=" ">
    <subfield code="c"> cm.</subfield>
    <subfield code="a"> p.</subfield>
  </datafield>
  <datafield tag="942" ind1=" " ind2=" ">
    <subfield code="2">ccl</subfield>
    <subfield code="c">BOOK</subfield>
  </datafield>
  <datafield tag="999" ind1=" " ind2=" ">
    <subfield code="c">6549</subfield>
    <subfield code="d">6549</subfield>
  </datafield>
  <datafield tag="952" ind1=" " ind2=" ">
    <subfield code="0">0</subfield>
    <subfield code="1">0</subfield>
    <subfield code="2">ccl</subfield>
    <subfield code="4">0</subfield>
    <subfield code="7">0</subfield>
    <subfield code="a">yeezen</subfield>
    <subfield code="b">yeezen</subfield>
    <subfield code="d">2012-10-22</subfield>
    <subfield code="o">419.5</subfield>
    <subfield code="p">C02014</subfield>
    <subfield code="r">2018-02-22 00:00:00</subfield>
    <subfield code="w">2018-02-22</subfield>
    <subfield code="y">BOOK</subfield>
  </datafield>
</record>
